[Event "Tenerife-chT Primera"]
[Site "Tenerife"]
[Date "2023.03.25"]
[Round "9.4"]
[White "Gonzalez Moreno, Juan Carlos"]
[Black "Galvan Noda, Jonas"]
[Result "1-0"]
[WhiteElo "1623"]
[BlackElo "1538"]
[PlyCount "111"]
[EventDate "2023.01.14"]
[EventType "team-tourn"]
[EventRounds "14"]
[EventCountry "ESP"]
[SourceTitle "EXT 2024"]
[Source "ChessBase"]
[SourceDate "2023.10.10"]
[SourceVersion "1"]
[SourceVersionDate "2023.10.10"]
[SourceQuality "1"]
[WhiteTeam "La Victoria 94"]
[BlackTeam "El Sauzal Libreria Barco II"]
[WhiteTeamCountry "ESP"]
[BlackTeamCountry "ESP"]

1. e4 b6 2. Bc4 Bb7 3. d3 e6 4. Nc3 h6 5. Nf3 Nf6 6. Qe2 d6 7. h3 Nbd7 8. Be3 Be7 9. 0-0-0 Nh7 10. Nd4 Ne5 11. Bxe6 c5 12. Nf5 fxe6 13. Nxg7+ Kd7 14. f4 Nc6 15. Qg4 Qg8 16. Nd5 Nf6 17. Nxf6+ Bxf6 18. Nh5 Qf7 19. f5 Ne5 20. fxe6+ Qxe6 21. Nxf6+ Ke7 22. Qxe6+ Kxe6 23. Nh5 Rag8 24. g4 c4 25. Rhf1 cxd3 26. cxd3 Ba6 27. Bd4 Nxd3+ 28. Rxd3 Bxd3 29. Nf4+ Kd7 30. Nxd3 Rc8+ 31. Kd2 Rhe8 32. e5 Rc4 33. Bc3 Re4 34. exd6 Kxd6 35. Rf7 Re2+ 36. Kd1 R2e3 37. Nf4 Rf3 38. Rf6+ Kd7 39. Nh5 Rxh3 40. Rxh6 Kc7 41. Rh7+ Kc8 42. Rxa7 Re4 43. Nf6 Rf4 44. g5 Rg3 45. Bd2 Rd4 46. Re7 Rg1+ 47. Re1 Rxg5 48. Re2 Rg6 49. Rf2 Kb7 50. Kc2 Rd6 51. Ne4 Rc6+ 52. Nc3 b5 53. Rf7+ Ka6 54. Be3 Ka5 55. a3 Rgd6 56. Ra7+ 1-0

[Event "Tenerife-chT Primera"]
[Site "Tenerife"]
[Date "2023.03.18"]
[Round "8.4"]
[White "Sanchez Rodriguez, Pablo"]
[Black "Gonzalez Moreno, Juan Carlos"]
[Result "0-1"]
[WhiteElo "1455"]
[BlackElo "1623"]
[PlyCount "120"]
[EventDate "2023.01.14"]
[EventType "team-tourn"]
[EventRounds "14"]
[EventCountry "ESP"]
[SourceTitle "EXT 2024"]
[Source "ChessBase"]
[SourceDate "2023.10.10"]
[SourceVersion "1"]
[SourceVersionDate "2023.10.10"]
[SourceQuality "1"]
[WhiteTeam "Al Shah Mat Los Realejos II"]
[BlackTeam "La Victoria 94"]
[WhiteTeamCountry "ESP"]
[BlackTeamCountry "ESP"]

1. d4 d6 2. Bf4 Nd7 3. Nf3 g6 4. Nc3 Bg7 5. e4 c6 6. Bc4 e5 7. dxe5 dxe5 8. Be3 Qe7 9. Qd2 b5 10. Nxb5 cxb5 11. Bd5 Rb8 12. Bxa7 Rb7 13. Bxb7 Bxb7 14. 0-0-0 Ngf6 15. Qd3 Bxe4 16. Qxb5 0-0 17. Rhe1 Bf5 18. Nd4 Be6 19. Nc6 Qe8 20. Nxe5 Nxe5 21. Qxe8 Nxe8 22. Bc5 Nc4 23. b3 Ne5 24. Bxf8 Kxf8 25. f4 Nd7 26. Rxe6 fxe6 27. Rxd7 Nf6 28. Ra7 Bh6 29. g3 e5 30. Ra4 exf4 31. gxf4 Nh5 32. Ra8+ Kg7 33. Kb2 Bxf4 34. h3 g5 35. b4 Be5+ 36. Kb3 Nf4 37. Ra7+ Kg6 38. Re7 Bd4 39. h4 Bf6 40. Re4 Kf5 41. hxg5 Kxe4 42. gxf6 h5 43. a4 Kd5 44. c4+ Kd6 45. c5+ Kc6 46. Kc4 h4 47. b5+ Kb7 48. c6+ Kb8 49. b6 h3 50. c7+ Kb7 51. f7 Ng6 52. a5 h2 53. a6+ Kc8 54. Kc5 h1Q 55. Kd6 Qd1+ 56. Kc6 Qa4+ 57. Kd6 Qxa6 58. Kc6 Qb7+ 59. Kb5 Kd7 60. Kc5 Qc6+ 0-1

[Event "Tenerife-chT Primera"]
[Site "Tenerife"]
[Date "2023.01.21"]
[Round "2.4"]
[White "Arteaga Medina, Ruben Severo"]
[Black "Gonzalez Moreno, Juan Carlos"]
[Result "1/2-1/2"]
[WhiteElo "1671"]
[BlackElo "1623"]
[PlyCount "41"]
[EventDate "2023.01.14"]
[EventType "team-tourn"]
[EventRounds "14"]
[EventCountry "ESP"]
[SourceTitle "EXT 2024"]
[Source "ChessBase"]
[SourceDate "2023.10.10"]
[SourceVersion "1"]
[SourceVersionDate "2023.10.10"]
[SourceQuality "1"]
[WhiteTeam "El Sauzal Libreria Barco II"]
[BlackTeam "La Victoria 94"]
[WhiteTeamCountry "ESP"]
[BlackTeamCountry "ESP"]

1. d4 c5 2. e3 Nf6 3. Bd3 e6 4. c3 d5 5. Nd2 b6 6. f4 Qd7 7. Ngf3 Ba6 8. Ne5 Qb7 9. 0-0 Bd6 10. a4 0-0 11. Bxa6 Qxa6 12. Qf3 Rc8 13. g4 Qb7 14. g5 Nfd7 15. Qh5 Nf8 16. Rf3 Nc6 17. Rh3 Qe7 18. Ndf3 Qe8 19. Qg4 Ne7 20. Nh4 Rc7 21. Bd2 1/2-1/2

[Event "Tenerife-chT Primera"]
[Site "Tenerife"]
[Date "2022.03.26"]
[Round "7.4"]
[White "Sanchez Rodriguez, Pablo"]
[Black "Gonzalez Moreno, Juan Carlos"]
[Result "0-1"]
[WhiteElo "1435"]
[BlackElo "1641"]
[PlyCount "66"]
[EventDate "2022.01.29"]
[EventType "team-tourn"]
[EventRounds "14"]
[EventCountry "ESP"]
[SourceTitle "EXT 2024"]
[Source "ChessBase"]
[SourceDate "2023.10.10"]
[SourceVersion "1"]
[SourceVersionDate "2023.10.10"]
[SourceQuality "1"]
[WhiteTeam "Al Shah Mat Los Realejos II"]
[BlackTeam "Ebano Barrio Nuevo II"]
[WhiteTeamCountry "ESP"]
[BlackTeamCountry "ESP"]

1. d4 c5 2. c3 Qc7 3. Nf3 Nf6 4. Bg5 Ne4 5. Bh4 f5 6. e3 e6 7. Nbd2 d5 8. Ne5 g6 9. Nxe4 dxe4 10. Bb5+ Nd7 11. Qb3 Qb6 12. Nc4 Qc7 13. Bg3 Qd8 14. Nd6+ Bxd6 15. Bxd6 Kf7 16. dxc5 a6 17. Bxd7 Qxd7 18. 0-0-0 Rd8 19. Qb6 Qe8 20. Be5 Rd3 21. Rxd3 exd3 22. Qc7+ Qd7 23. Kd2 a5 24. Qxd7+ Bxd7 25. b4 axb4 26. Kxd3 Rxa2 27. Rb1 Bc6 28. cxb4 Be4+ 29. Kc4 Bxb1 30. b5 Rxf2 31. c6 bxc6 32. bxc6 Rc2+ 33. Kb3 Rxc6 0-1

[Event "Tenerife-chT Primera"]
[Site "Tenerife"]
[Date "2022.03.05"]
[Round "5.4"]
[White "Lugo Lugo, Vladimiro"]
[Black "Gonzalez Moreno, Juan Carlos"]
[Result "0-1"]
[WhiteElo "1255"]
[BlackElo "1641"]
[PlyCount "110"]
[EventDate "2022.01.29"]
[EventType "team-tourn"]
[EventRounds "14"]
[EventCountry "ESP"]
[SourceTitle "EXT 2024"]
[Source "ChessBase"]
[SourceDate "2023.10.10"]
[SourceVersion "1"]
[SourceVersionDate "2023.10.10"]
[SourceQuality "1"]
[WhiteTeam "Playa San Juan"]
[BlackTeam "Ebano Barrio Nuevo II"]
[WhiteTeamCountry "ESP"]
[BlackTeamCountry "ESP"]

1. e4 d5 2. exd5 Nf6 3. Nc3 Bg4 4. Nf3 Nxd5 5. Nxd5 Qxd5 6. Be2 Nc6 7. 0-0 e5 8. Nxe5 Bxe2 9. Qxe2 Nxe5 10. f4 f6 11. fxe5 fxe5 12. Qg4 Qd4+ 13. Qxd4 exd4 14. d3 0-0-0 15. Rf7 Rd7 16. Rf3 Be7 17. Bd2 Bf6 18. a3 Re7 19. Re1 Ree8 20. Rxe8+ Rxe8 21. c3 Re7 22. Kf2 Re6 23. cxd4 Bxd4+ 24. Be3 Bxb2 25. Rf8+ Kd7 26. Rb8 Kc6 27. a4 a6 28. g4 Be5 29. h4 Bf6 30. g5 Bc3 31. d4 Be1+ 32. Kxe1 Rxe3+ 33. Kf2 Re4 34. Kg3 Rxd4 35. Rh8 h6 36. gxh6 gxh6 37. Rxh6+ Rd6 38. Rh7 b5 39. axb5+ axb5 40. Kf2 b4 41. Rf7 Kb6 42. h5 c5 43. Ke3 Kb5 44. Rb7+ Kc4 45. Rf7 b3 46. Rf1 b2 47. Rg1 Kc3 48. Rh1 c4 49. Ke4 Kb3 50. Ke5 Rh6 51. Rg1 c3 52. Rf1 c2 53. Rf3+ Ka2 54. Rg3 c1Q 55. Rg2 Qe3+ 0-1

[Event "Tenerife-chT Primera"]
[Site "Tenerife"]
[Date "2021.06.05"]
[Round "8.2"]
[White "Mamani Beltran, Daniel"]
[Black "Gonzalez Moreno, Juan Carlos"]
[Result "1-0"]
[WhiteElo "1834"]
[BlackElo "1634"]
[PlyCount "45"]
[EventDate "2021.02.27"]
[EventType "team-tourn"]
[EventRounds "14"]
[EventCountry "ESP"]
[SourceTitle "EXT 2023"]
[Source "ChessBase"]
[SourceDate "2022.10.05"]
[SourceVersion "1"]
[SourceVersionDate "2022.10.05"]
[SourceQuality "1"]
[WhiteTeam "Fundacion La Caja de Canarias II"]
[BlackTeam "Ebano Barrio Nuevo II"]
[WhiteTeamCountry "ESP"]
[BlackTeamCountry "ESP"]

1. d4 c5 2. Nf3 cxd4 3. Nxd4 Nc6 4. c4 Qb6 5. Nb5 a6 6. Be3 Qa5+ 7. N5c3 Nf6 8. Nd2 g6 9. a3 Bg7 10. f3 0-0 11. Bf2 d6 12. g4 Be6 13. e4 Nd7 14. Rc1 Rac8 15. Be2 f5 16. gxf5 gxf5 17. Rg1 Nf6 18. Nb3 Qd8 19. Nd5 fxe4 20. fxe4 Nxe4 21. Bb6 Qd7 22. Bd3 Nf2 23. Bxf2 1-0

[Event "Tenerife-chT Primera"]
[Site "Tenerife"]
[Date "2021.05.29"]
[Round "7.3"]
[White "Gonzalez Moreno, Juan Carlos"]
[Black "Aguirre Lorenzo, Luis Francisco"]
[Result "0-1"]
[WhiteElo "1634"]
[BlackElo "1794"]
[PlyCount "66"]
[EventDate "2021.02.27"]
[EventType "team-tourn"]
[EventRounds "14"]
[EventCountry "ESP"]
[SourceTitle "EXT 2023"]
[Source "ChessBase"]
[SourceDate "2022.10.05"]
[SourceVersion "1"]
[SourceVersionDate "2022.10.05"]
[SourceQuality "1"]
[WhiteTeam "Ebano Barrio Nuevo II"]
[BlackTeam "Circulo de Amistad XII Enero"]
[WhiteTeamCountry "ESP"]
[BlackTeamCountry "ESP"]

1. d4 Nf6 2. Bf4 g6 3. e3 Bg7 4. Be2 d6 5. Nf3 c5 6. c3 0-0 7. h3 b6 8. Nbd2 Bb7 9. 0-0 Nbd7 10. Qb3 Qe8 11. Nc4 Bd5 12. Qa4 a6 13. Qd1 b5 14. Ncd2 e5 15. Bh2 Qe7 16. dxe5 dxe5 17. Nb3 Rfd8 18. Na5 e4 19. Nd2 Ne5 20. Bxe5 Qxe5 21. c4 Qc7 22. cxd5 Qxa5 23. Qc2 Rxd5 24. Nxe4 Nxe4 25. Qxe4 Rad8 26. a4 Bxb2 27. Ra2 Rd2 28. Bf3 c4 29. Qb1 Bc3 30. Rc1 b4 31. Rd1 Rxd1+ 32. Bxd1 b3 33. Re2 Qd5 0-1

[Event "Tenerife Spring op"]
[Site "Tenerife"]
[Date "2020.03.09"]
[Round "2.7"]
[White "Mendez Acosta, Alexander Jesus"]
[Black "Gonzalez Moreno, Juan Carlos"]
[Result "1-0"]
[WhiteElo "2013"]
[BlackElo "1634"]
[PlyCount "81"]
[EventDate "2020.03.06"]
[EventType "swiss"]
[EventRounds "9"]
[EventCountry "ESP"]
[SourceTitle "EXT 2024"]
[Source "ChessBase"]
[SourceDate "2023.10.10"]
[SourceVersion "1"]
[SourceVersionDate "2023.10.10"]
[SourceQuality "1"]

1. c4 e5 2. Nc3 Nc6 3. g3 Nf6 4. Bg2 Bb4 5. Nf3 0-0 6. 0-0 Re8 7. a3 Bxc3 8. dxc3 d6 9. Nd2 Bf5 10. e4 Bg4 11. f3 Be6 12. Qe2 a5 13. b3 Qc8 14. Rd1 b6 15. Nf1 Nd7 16. Be3 Nd8 17. f4 f6 18. f5 Bf7 19. g4 Qa6 20. Nd2 Nb7 21. Bf1 Kf8 22. Qf2 Qa7 23. h4 Ke7 24. Be2 Rg8 25. Qf1 Qb8 26. Kh1 Qf8 27. Qh3 h6 28. Bf2 g5 29. fxg6 Bxg6 30. b4 a4 31. Qf3 Nd8 32. Nf1 Ne6 33. Bg3 h5 34. gxh5 Bh7 35. Bh2 Qg7 36. Ne3 Qh6 37. Rf1 Ng7 38. Rf2 Nxh5 39. Qxh5 Bxe4+ 40. Ng2 Qe3 41. Bf3 1-0

[Event "Tenerife-ch Seniors"]
[Site "Tenerife"]
[Date "2020.01.29"]
[Round "7"]
[White "Hoyas Cebrian, Lucas"]
[Black "Gonzalez Moreno, Juan Carlos"]
[Result "1-0"]
[WhiteElo "1882"]
[BlackElo "1562"]
[PlyCount "63"]
[EventDate "2020.01.15"]
[EventType "swiss"]
[EventRounds "7"]
[EventCountry "ESP"]
[SourceTitle "CBM 195 Extra"]
[Source "ChessBase"]
[SourceDate "2020.05.31"]
[SourceVersion "1"]
[SourceVersionDate "2020.05.31"]
[SourceQuality "1"]

1. Nf3 d5 2. d4 e6 3. e3 Nf6 4. Bd3 c5 5. c3 c4 6. Bc2 b5 7. 0-0 Nc6 8. Nbd2 Be7 9. e4 dxe4 10. Nxe4 Bb7 11. Ng3 Qd5 12. Re1 0-0 13. Bg5 b4 14. Bxf6 Bxf6 15. Be4 Qb5 16. Qe2 g6 17. b3 bxc3 18. bxc4 Qa5 19. Rab1 Qc7 20. d5 exd5 21. cxd5 Nd8 22. d6 Qd7 23. Bxb7 Nxb7 24. Ne4 Bg7 25. Qd3 Rac8 26. Qd5 Rc6 27. Ne5 Bxe5 28. Qxe5 Qe6 29. Qxe6 fxe6 30. Rxb7 c2 31. Rc1 Rxd6 32. Nxd6 1-0

[Event "Tenerife-ch Seniors"]
[Site "Tenerife"]
[Date "2020.01.27"]
[Round "6"]
[White "Kraus, Oliver"]
[Black "Gonzalez Moreno, Juan Carlos"]
[Result "0-1"]
[WhiteElo "1938"]
[BlackElo "1562"]
[PlyCount "117"]
[EventDate "2020.01.15"]
[EventType "swiss"]
[EventRounds "7"]
[EventCountry "ESP"]
[SourceTitle "CBM 195 Extra"]
[Source "ChessBase"]
[SourceDate "2020.05.31"]
[SourceVersion "1"]
[SourceVersionDate "2020.05.31"]
[SourceQuality "1"]

1. e4 d5 2. exd5 Nf6 3. Bb5+ Bd7 4. Bc4 Bg4 5. f3 Bf5 6. Nc3 a6 7. Nge2 Nbd7 8. d3 b5 9. Bb3 Nb6 10. g4 Bc8 11. Ne4 Nbxd5 12. c4 Nb6 13. Be3 Nxe4 14. dxe4 Qxd1+ 15. Rxd1 Nxc4 16. Bxc4 bxc4 17. Rc1 e5 18. Rxc4 Bd6 19. b3 Be6 20. Rc2 0-0 21. Ng3 g6 22. Bh6 Rfc8 23. h4 Bb4+ 24. Bd2 c5 25. Rh2 a5 26. Bxb4 axb4 27. Nf1 c4 28. bxc4 Rxc4 29. Rxc4 Bxc4 30. Rb2 Rxa2 31. Rxa2 Bxa2 32. Kd2 Kf8 33. Ne3 Ke7 34. Kc1 Kd6 35. Kb2 Be6 36. Kc2 Kc5 37. Kd3 Kb5 38. Kc2 Kc5 39. Kd3 Ba2 40. g5 Bb1+ 41. Kd2 Kd4 42. Ng4 b3 43. Kc1 Bc2 44. Kb2 Bd1 45. Nf6 Bxf3 46. Kxb3 Bxe4 47. Nxh7 Kd3 48. Nf6 Bf3 49. Nd7 Bd5+ 50. Kb4 e4 51. Kc5 Be6 52. Ne5+ Ke3 53. h5 gxh5 54. g6 fxg6 55. Nxg6 Kf2 56. Kd4 e3 57. Nf4 Bf5 58. Ke5 Bg4 59. Ke4 0-1

[Event "Tenerife-chT Primera 1920"]
[Site "Tenerife "]
[Date "2020.01.25"]
[Round "5.4"]
[White "Gonzalez Moreno, Juan Carlos"]
[Black "Diaz Diaz, Andres Zhao"]
[Result "1-0"]
[WhiteElo "1580"]
[BlackElo "1244"]
[PlyCount "27"]
[EventDate "2019.11.30"]
[EventType "team-tourn"]
[EventRounds "14"]
[EventCountry "ESP"]
[SourceTitle "CBM 195 Extra"]
[Source "ChessBase"]
[SourceDate "2020.05.31"]
[SourceVersion "1"]
[SourceVersionDate "2020.05.31"]
[SourceQuality "1"]
[WhiteTeam "Ciberjaque Universidad"]
[BlackTeam "El Sauzal Libreria Barco II"]
[WhiteTeamCountry "ESP"]
[BlackTeamCountry "ESP"]

1. e4 e5 2. Nf3 Nc6 3. Bb5 a6 4. Ba4 Nf6 5. d4 exd4 6. e5 Nd5 7. 0-0 Bc5 8. Bb3 Nb6 9. Bg5 f6 10. exf6 gxf6 11. Re1+ Ne7 12. Bxf6 Rg8 13. Bxg8 d6 14. Rxe7+ 1-0

[Event "Santa Cruz de Tenerife Autumn op"]
[Site "Santa Cruz de Tenerife"]
[Date "2019.10.16"]
[Round "1"]
[White "Gonzalez Moreno, Juan Carlos"]
[Black "Hernandez Leon, Sergio"]
[Result "0-1"]
[WhiteElo "1580"]
[BlackElo "2146"]
[PlyCount "71"]
[EventDate "2019.10.16"]
[EventType "swiss"]
[EventRounds "9"]
[EventCountry "ESP"]
[SourceTitle "CBM 192 Extra"]
[Source "Chessbase"]
[SourceDate "2019.11.06"]
[SourceVersion "1"]
[SourceVersionDate "2019.11.06"]
[SourceQuality "1"]

1. e4 e5 2. Nf3 Nc6 3. d4 exd4 4. Nxd4 Bc5 5. Be3 Qf6 6. Nb5 Bxe3 7. fxe3 Qh4+ 8. g3 Qxe4 9. Nxc7+ Kd8 10. Nxa8 Nf6 11. Nc3 Qxh1 12. Qd6 Qf3 13. Qc7+ Ke7 14. e4 Re8 15. Qf4 Qxf4 16. gxf4 Kd8 17. e5 Nh5 18. Nd5 g5 19. Nac7 Rg8 20. 0-0-0 Nxf4 21. e6 fxe6 22. Nxf4 Kxc7 23. Nh5 Rf8 24. Bd3 h6 25. Ng3 Rf2 26. h3 Rf3 27. Rg1 d5 28. Be2 Rf2 29. c3 e5 30. Rf1 Rg2 31. Rf3 Bxh3 32. Kd2 Bg4 33. Re3 d4 34. cxd4 Nxd4 35. Kd3 Nxe2 36. Nxe2 0-1

[Event "Tenerife Norte Team Cup 2nd"]
[Site "Tenerife"]
[Date "2019.06.29"]
[Round "1.4"]
[White "Gonzalez Miranda, Alejandro"]
[Black "Gonzalez Moreno, Juan Carlos"]
[Result "0-1"]
[WhiteElo "1169"]
[BlackElo "1577"]
[PlyCount "40"]
[EventDate "2019.06.29"]
[EventType "team-tourn"]
[EventRounds "10"]
[EventCountry "ESP"]
[SourceTitle "EXT 2020"]
[Source "ChessBase"]
[SourceDate "2019.10.17"]
[SourceVersion "1"]
[SourceVersionDate "2019.10.17"]
[SourceQuality "1"]
[WhiteTeam "Santa Ursula Badnor"]
[BlackTeam "Ciberjaque Universidad"]
[WhiteTeamCountry "ESP"]
[BlackTeamCountry "ESP"]

1. c4 Nf6 2. g3 d5 3. cxd5 Qxd5 4. Nc3 Qxh1 5. Nf3 Bh3 6. d3 Qxf1+ 7. Kd2 Qxf2 8. Qb3 Qb6 9. Qc4 Be6 10. Nd5 Bxd5 11. Qa4+ Bc6 12. Qb3 Qxb3 13. axb3 e6 14. Kc3 Na6 15. Bd2 Bb4+ 16. Kc2 Bxd2 17. Kxd2 Bxf3 18. exf3 0-0-0 19. Rc1 Rd4 20. Rc3 Rhd8 0-1

[Event "Tenerife-chT Primera 1819"]
[Site "Tenerife"]
[Date "2019.03.23"]
[Round "11.4"]
[White "Gonzalez Moreno, Juan Carlos"]
[Black "Oudeh Mishmesh, Omar"]
[Result "1/2-1/2"]
[WhiteElo "1555"]
[BlackElo "1475"]
[PlyCount "98"]
[EventDate "2018.11.24"]
[EventType "team-tourn"]
[EventRounds "14"]
[EventCountry "ESP"]
[SourceTitle "CBM 189 Extra"]
[Source "ChessBase"]
[SourceDate "2019.05.31"]
[SourceVersion "1"]
[SourceVersionDate "2019.05.31"]
[SourceQuality "1"]
[WhiteTeam "Universidad"]
[BlackTeam "Al Shah Mat Los Realejos"]
[WhiteTeamCountry "ESP"]
[BlackTeamCountry "ESP"]

1. e4 e6 2. d3 d5 3. Nd2 Nf6 4. Ngf3 Be7 5. g3 b6 6. Bg2 Bb7 7. c3 dxe4 8. dxe4 Nxe4 9. 0-0 Nxd2 10. Bxd2 0-0 11. Qc2 Bf6 12. Rad1 Nd7 13. Ng5 Bxg5 14. Bxb7 Rb8 15. Bc6 Nc5 16. b4 Nb7 17. Be3 Nd6 18. f4 Bf6 19. c4 Qc8 20. b5 Nf5 21. Bf2 Rd8 22. Rxd8+ Qxd8 23. Rd1 Qf8 24. Rd7 Qc8 25. Qd3 Ne7 26. Bb7 Qe8 27. Rxc7 Rd8 28. Qc2 Rd7 29. Rxd7 Qxd7 30. Be4 g6 31. Qd3 Qxd3 32. Bxd3 Nc8 33. c5 bxc5 34. Bxc5 Bd8 35. a4 Bb6 36. Bf2 Kf8 37. Kg2 Bxf2 38. Kxf2 Ke7 39. Ke3 Kd6 40. Kd4 Nb6 41. a5 Nd7 42. Be4 Kc7 43. Bc6 Nb8 44. Be8 f6 45. Bf7 Kd6 46. Bg8 h6 47. Bh7 g5 48. Be4 e5+ 49. fxe5+ fxe5+ 1/2-1/2

[Event "Tenerife-chT Primera 1819"]
[Site "Tenerife"]
[Date "2019.01.19"]
[Round "5.4"]
[White "Gonzalez Moreno, Juan Carlos"]
[Black "Perez Garcia, Jimena"]
[Result "1-0"]
[WhiteElo "1555"]
[BlackElo "1624"]
[PlyCount "45"]
[EventDate "2018.11.24"]
[EventType "team-tourn"]
[EventRounds "14"]
[EventCountry "ESP"]
[SourceTitle "CBM 189 Extra"]
[Source "ChessBase"]
[SourceDate "2019.05.31"]
[SourceVersion "1"]
[SourceVersionDate "2019.05.31"]
[SourceQuality "1"]
[WhiteTeam "Universidad"]
[BlackTeam "Ebano Barrio Nuevo"]
[WhiteTeamCountry "ESP"]
[BlackTeamCountry "ESP"]

1. e4 c5 2. Nc3 d6 3. f4 Nf6 4. Nf3 g6 5. Bc4 Bg7 6. 0-0 0-0 7. d3 Bg4 8. Qe1 Bxf3 9. Rxf3 Nc6 10. Rh3 Nd4 11. Qd1 Qd7 12. Ne2 Ng4 13. c3 Nxe2+ 14. Qxe2 b5 15. Bxb5 Qxb5 16. Qxg4 Bf6 17. f5 Rab8 18. Qf4 h5 19. fxg6 fxg6 20. Qh6 Kf7 21. Qh7+ Bg7 22. Rf3+ Ke8 23. Qxg7 1-0

[Event "Canarias-ch Seniors"]
[Site "Santa Cruz de Tenerife"]
[Date "2018.05.12"]
[Round "4"]
[White "Gonzalez Moreno, Juan Carlos"]
[Black "Martin Fernandez, Antonio"]
[Result "1/2-1/2"]
[WhiteElo "1598"]
[BlackElo "1704"]
[PlyCount "62"]
[EventDate "2018.05.10"]
[EventType "swiss"]
[EventRounds "6"]
[EventCountry "ESP"]
[SourceTitle "EXT 2022"]
[Source "ChessBase"]
[SourceDate "2021.10.06"]
[SourceVersion "1"]
[SourceVersionDate "2021.10.06"]
[SourceQuality "1"]

1. e4 d5 2. Nf3 dxe4 3. Ng5 Nf6 4. Bc4 e6 5. Nc3 Be7 6. Ncxe4 0-0 7. d4 b6 8. Qf3 c6 9. Be3 Bb7 10. h4 Nbd7 11. 0-0-0 a5 12. Rh3 Qc8 13. Rg3 c5 14. Bd3 c4 15. Nxf6+ Nxf6 16. Bxh7+ Nxh7 17. d5 Nxg5 18. hxg5 g6 19. Bd4 e5 20. Bxe5 Qf5 21. Qxf5 gxf5 22. d6 Bd8 23. Bf6 f4 24. Rg4 Kh7 25. Rh1+ Kg6 26. Rxf4 Bxf6 27. Rh6+ Kxg5 28. Rhxf6 Bxg2 29. R4f5+ Kg4 30. Rf4+ Kg5 31. R4f5+ Kg4 1/2-1/2

[Event "Canarias-ch Seniors"]
[Site "Santa Cruz de Tenerife"]
[Date "2018.05.10"]
[Round "1"]
[White "Gonzalez Moreno, Juan Carlos"]
[Black "Hoyas Cebrian, Lucas"]
[Result "0-1"]
[WhiteElo "1598"]
[BlackElo "1869"]
[PlyCount "76"]
[EventDate "2018.05.10"]
[EventType "swiss"]
[EventRounds "6"]
[EventCountry "ESP"]
[SourceTitle "EXT 2022"]
[Source "ChessBase"]
[SourceDate "2021.10.06"]
[SourceVersion "1"]
[SourceVersionDate "2021.10.06"]
[SourceQuality "1"]

1. e4 c6 2. d4 d5 3. Nc3 dxe4 4. Nxe4 Bf5 5. Bd3 Qxd4 6. Nf3 Qd8 7. Qe2 Bxe4 8. Qxe4 Nf6 9. Qh4 Nbd7 10. 0-0 e6 11. Re1 Be7 12. Bg5 Qa5 13. a3 h6 14. b4 Qc7 15. c4 0-0-0 16. Bf4 Bd6 17. Be3 g5 18. Qd4 Be5 19. Qxa7 Bxa1 20. Rxa1 b6 21. Qa4 Kb7 22. Nd4 Ra8 23. Qb3 Ng4 24. Be4 Qxh2+ 25. Kf1 Nxe3+ 26. Qxe3 Qh1+ 27. Ke2 Qxa1 28. Bxc6+ Kc7 29. Nb5+ Kd8 30. Qd2 Qe5+ 31. Kf1 Qa1+ 32. Ke2 Qe5+ 33. Kf1 Ra7 34. Nxa7 Qc7 35. Qd4 e5 36. Qd5 Qxa7 37. Bxd7 Qxd7 38. Qa8+ Ke7 0-1